000 00544 a2200181 4500
999 _c8011
_d8011
010 _aENG-88306
020 _a8120332041
_c195.00
035 _aEN-71839
037 _bDBAD / PUB
082 1 4 _a658.5
100 _aRai, Usha Kiran
245 1 _aExport-import and logistics management/
_cby Usha Kiran Rai
260 _aNew Delhi
_bPrentice-Hall of India
_c2007
270 _aM-97, Connaught Circus
_bNew Delhi
_e110 001
300 _axvii, 286p.
_c22cm ( pbk)
500 _aIncludes index
942 _adpl
_cEN
_2ddc
_h658.5
_mRAI